000
00291nam a2200109Ia 4500
008
200302s9999 xx 000 0 und d
100
_a
Karubaki Datta
245
_a
Man and Forest in the Himalayas and Northeast India
260
_b
B. R. Publishing Corporation
260
_c
2017
300
_a
266
999
_c
6040
_d
6040